| 000 | 00457cam a22001337a 4500 | ||
|---|---|---|---|
| 008 | 180718b1959 xxu||||| |||| 00| 0 eng d | ||
| 082 | _aZx52 Ag85/10 | ||
| 100 | _aMukumoto, Tsutomu | ||
| 245 |
_aAgricultural machinery and implements in Japan _cby Tsutomu Mukumoto |
||
| 260 |
_aTokyo _bAgriculture, Forestry and Fisheries Productivity Conference _c1959 |
||
| 300 | _a76p. | ||
| 440 | _aAgricultural Development Series, 10 | ||
| 650 | _aFarm Machinery - Japan | ||
| 999 |
_c374373 _d374373 |
||